Вып. 105: Модули, алгебры и топологии; Математические исследования

Xehetasun bibliografikoak
Parent link:Математические исследования: [сборник статей]/ Академия наук Молдавской ССР (АН МССР), Институт математики с вычислительным центром (ИМсВЦ). Вып. 105: Модули, алгебры и топологии.— , 1978-1992
Beste egile batzuk: Андрунакиевич В. А. (редактор)
Hizkuntza:errusiera
Argitaratua: 1988
Gaiak:
Formatua: MixedMaterials Liburua
KOHA link:https://koha.lib.tpu.ru/cgi-bin/koha/opac-detail.pl?biblionumber=221792

MARC

LEADER 00000nam2a2200000 4500
001 221792
005 20231101230427.0
010 |a 5376004325 
035 |a (RuTPU)RU\TPU\book\241971 
035 |a RU\TPU\book\241966 
090 |a 221792 
100 |a 20120914d1988 k y0rusy5003 ca 
101 0 |a rus 
102 |a MD 
105 |a a z 001zy 
200 0 |a Вып. 105: Модули, алгебры и топологии  |f отв. ред. В. А. Андрунакиевич 
210 |d 1988 
215 |a 199 с.  |c ил. 
320 |a Библиогр. в конце статей 
461 1 |0 (RuTPU)RU\TPU\book\32357  |t Математические исследования  |o [сборник статей]  |f Академия наук Молдавской ССР (АН МССР), Институт математики с вычислительным центром (ИМсВЦ)  |v Вып. 105: Модули, алгебры и топологии  |d 1978-1992 
606 1 |a Математика  |2 stltpush  |3 (RuTPU)RU\TPU\subj\67327  |9 83171 
606 1 |a Алгебра высшая  |2 stltpush  |3 (RuTPU)RU\TPU\subj\1729  |9 30432 
610 1 |a модули 
610 1 |a топология 
610 1 |a сборники 
675 |a 51  |v 3 
675 |a 512.5  |v 3 
702 1 |a Андрунакиевич  |b В. А.  |4 340 
801 0 |a RU  |b RuMRKP  |c 19950417  |g psbo 
801 1 |a RU  |b 63413507  |c 20100730 
801 2 |a RU  |b 63413507  |c 20140606  |g RCR 
942 |c BK